Statistics for Famous People Born in Wisconsin

Click here to take the quiz!

General Stats

  • This quiz has been taken 40 times
  • The average score is 5 of 11

Answer Stats

DescriptionFamous PersonBirth City% Correct
Late actor as Willy WonkaGene WilderMilwaukee
86%
Late star of SNL and Tommy BoyChris FarleyMadison
73%
Current speaker of the HousePaul RyanJanesville
45%
Architect of FallingwaterFrank Lloyd WrightRichland Center
45%
Star of Spotlight and HulkMark RuffaloKenosha
41%
Actor of Guess Who's Coming to DinnerSpencer TracyMilwaukee
41%
Actress of The Hangover and Boogie NightsHeather GrahamMilwaukee
36%
Actor as Gill in Finding NemoWillem DafoeAppleton
32%
Actor known as Luigi in CarsTony ShalhoubGreen Bay
27%
High-pitched voice actor as PigletJohn FiedlerPlatteville
18%
Musician of Breakin' AwayAl JarreauMilwaukee
18%

Score Distribution

Percentile by Number Answered

Percent of People with Each Score

Your Score History

You have not taken this quiz